[Event "Chateauroux op"]
[Site "Chateauroux"]
[Date "2009.10.31"]
[Round "6"]
[White "Accouri, Pascal"]
[Black "Bouquin, Arnaud"]
[Result "1/2-1/2"]
[WhiteElo "1912"]
[BlackElo "1858"]
[PlyCount "31"]
[EventDate "2009.10.28"]
[EventType "swiss"]
[EventRounds "7"]
[EventCountry "FRA"]
[SourceTitle "EXT 2011"]
[Source "ChessBase"]
[SourceDate "2010.11.26"]
[SourceVersion "1"]
[SourceVersionDate "2010.11.26"]
[SourceQuality "1"]

1. c4 e6 2. Nc3 Nf6 3. e4 Bb4 4. Nge2 c5 5. g3 Nc6 6. Bg2 0-0 7. 0-0 a6 8. d3 d6 9. h3 Bd7 10. Be3 Rb8 11. Kh2 Ba5 12. f4 Bc7 13. Qd2 b5 14. b3 Qe7 15. g4 Rfd8 16. Ng3 1/2-1/2

[Event "Chateauroux op"]
[Site "Chateauroux"]
[Date "2009.10.30"]
[Round "4"]
[White "Accouri, Pascal"]
[Black "Gedda, Peter"]
[Result "1-0"]
[WhiteElo "1912"]
[BlackElo "1779"]
[PlyCount "83"]
[EventDate "2009.10.28"]
[EventType "swiss"]
[EventRounds "7"]
[EventCountry "FRA"]
[SourceTitle "EXT 2011"]
[Source "ChessBase"]
[SourceDate "2010.11.26"]
[SourceVersion "1"]
[SourceVersionDate "2010.11.26"]
[SourceQuality "1"]

1. c4 g6 2. Nc3 Bg7 3. e4 d6 4. g3 Nc6 5. Bg2 Nd4 6. h3 Rb8 7. Nge2 a6 8. d3 b5 9. Nxd4 Bxd4 10. cxb5 axb5 11. 0-0 c6 12. Ne2 Bg7 13. d4 e5 14. Be3 Qc7 15. Rc1 Nf6 16. Qc2 exd4 17. Bxd4 0-0 18. f4 Bd7 19. Kh2 Rfe8 20. e5 dxe5 21. Bxe5 Rxe5 22. fxe5 Qxe5 23. Nf4 Nh5 24. Nxh5 gxh5 25. Rce1 Qxb2 26. Qxb2 Bxb2 27. Re7 Be6 28. Bxc6 Rc8 29. Re8+ Rxe8 30. Bxe8 b4 31. Ba4 h4 32. Bb3 Be5 33. Bxe6 fxe6 34. Kg2 Bxg3 35. Rf6 e5 36. Kf3 Kg7 37. Rb6 Be1 38. Ke4 Bc3 39. Rc6 Bb2 40. Rc4 Ba3 41. Kxe5 h6 42. Kf5 1-0

[Event "Paris Apsap op 52nd"]
[Site "Paris"]
[Date "2002.04.13"]
[Round "1"]
[White "Accouri, Pascal"]
[Black "L'Henoret, Thierry"]
[Result "1/2-1/2"]
[WhiteElo "1980"]
[BlackElo "2152"]
[PlyCount "79"]
[EventDate "2002.04.17"]
[EventType "swiss"]
[EventRounds "9"]
[EventCountry "FRA"]
[SourceTitle "EXT 2003"]
[Source "ChessBase"]
[SourceDate "2002.11.25"]
[SourceVersion "1"]
[SourceVersionDate "2002.11.25"]
[SourceQuality "1"]

1. c4 c6 2. Nc3 d6 3. e4 e5 4. g3 Nf6 5. Bg2 Be7 6. Nge2 0-0 7. 0-0 Nbd7 8. d3 Nc5 9. h3 a5 10. Kh2 Nfd7 11. f4 Re8 12. Be3 Qc7 13. Qd2 f6 14. f5 Nb6 15. Rac1 Rd8 16. Qc2 Bd7 17. Kg1 Be8 18. g4 Bf7 19. Bf3 Rd7 20. h4 Qd8 21. Ng3 Rc8 22. Qe2 d5 23. cxd5 cxd5 24. Nxd5 Nxd5 25. exd5 Bxd5 26. Bxd5+ Rxd5 27. Rfd1 Rc6 28. Rc3 b5 29. Bf2 Qd7 30. Ne4 Nxe4 31. Qxe4 Bc5 32. Bxc5 Rcxc5 33. Rdc1 Rxc3 34. Rxc3 b4 35. Rc8+ Qxc8 36. Qxd5+ Kf8 37. Qc4 Qd8 38. Kg2 Ke7 39. Qe6+ Kf8 40. Qc4 1/2-1/2

[Event "Paris Apsap op 53rd"]
[Site "Paris"]
[Date "2002.??.??"]
[Round "9"]
[White "Accouri, Pascal"]
[Black "Le Horgne, Erwan"]
[Result "0-1"]
[WhiteElo "2020"]
[BlackElo "2026"]
[PlyCount "64"]
[EventDate "2002.??.??"]
[EventType "swiss"]
[EventRounds "9"]
[EventCountry "FRA"]
[SourceTitle "EXT 2003"]
[Source "ChessBase"]
[SourceDate "2002.11.25"]
[SourceVersion "1"]
[SourceVersionDate "2002.11.25"]
[SourceQuality "1"]

1. c4 e6 2. Nc3 b6 3. e4 Bb7 4. Nf3 Bb4 5. d3 d5 6. exd5 exd5 7. Bd2 Nf6 8. Be2 0-0 9. 0-0 d4 10. Nb5 Bxd2 11. Qxd2 c5 12. Ne5 a6 13. Na3 Nc6 14. Nxc6 Bxc6 15. b4 Re8 16. Rfe1 Re5 17. bxc5 bxc5 18. Rab1 Qe7 19. Nc2 Re8 20. Bf1 Ng4 21. Rxe5 Qxe5 22. g3 Nxh2 23. Bg2 Nf3+ 24. Bxf3 Bxf3 25. Re1 Qb8 26. Rxe8+ Qxe8 27. Qa5 Qc8 28. Ne1 Bb7 29. Ng2 h6 30. Nf4 Qg4 31. Qe1 Qf3 32. Kh2 Kh7 0-1

[Event "Paris Apsap op 53rd"]
[Site "Paris"]
[Date "2002.??.??"]
[Round "5"]
[White "Accouri, Pascal"]
[Black "Riazuelo, Gilles"]
[Result "1/2-1/2"]
[WhiteElo "2020"]
[BlackElo "2071"]
[PlyCount "83"]
[EventDate "2002.??.??"]
[EventType "swiss"]
[EventRounds "9"]
[EventCountry "FRA"]
[SourceTitle "EXT 2003"]
[Source "ChessBase"]
[SourceDate "2002.11.25"]
[SourceVersion "1"]
[SourceVersionDate "2002.11.25"]
[SourceQuality "1"]

1. c4 g6 2. Nc3 Bg7 3. e4 c5 4. g3 Nc6 5. Bg2 Nf6 6. Nge2 0-0 7. 0-0 Ne8 8. d3 Rb8 9. Be3 d6 10. Qd2 a6 11. Rae1 b5 12. f4 Nd4 13. b3 Bd7 14. h3 Nc7 15. Kh2 e6 16. g4 b4 17. Nd1 f5 18. exf5 exf5 19. g5 Bc8 20. Bg1 Nce6 21. Bd5 Kh8 22. Nxd4 Nxd4 23. Kg3 Bb7 24. Ne3 Nc6 25. Qg2 Qd7 26. Nc2 Rfe8 27. Bf2 Ne7 28. Bxb7 Rxb7 29. d4 Rc7 30. d5 Bc3 31. Re6 Nc8 32. Rxe8+ Qxe8 33. Be1 Bg7 34. Bd2 Re7 35. Qf2 Re4 36. Re1 h6 37. h4 a5 38. Qf3 Ne7 39. Kg2 Rxe1 40. Nxe1 Nc8 41. Qe3 Qxe3 42. Bxe3 1/2-1/2